Economics of dissent

Сохранить в:
Библиографические подробности
Главный автор: Seligman, Ben B.
Формат:
Язык:Undetermined
Опубликовано: Chicago Quadrangle Books 1968
Предметы:
Метки: Добавить метку
Нет меток, Требуется 1-ая метка записи!
Thư viện lưu trữ: Trung tâm Học liệu Trường Đại học Cần Thơ
LEADER 00515nam a2200193Ia 4500
001 CTU_80374
008 210402s9999 xx 000 0 und d
082 |a 330.973 
082 |b S465 
100 |a Seligman, Ben B. 
245 0 |a Economics of dissent 
245 0 |c Ben B. Seligman 
260 |a Chicago 
260 |b Quadrangle Books 
260 |c 1968 
650 |a Economics,United states 
650 |x Economic conditions 
904 |i Trọng Hải 
980 |a Trung tâm Học liệu Trường Đại học Cần Thơ